Tramwaje Warszawa- Linia 25 (przystanki) - Statystyki

Ogólne statystyki
  • Ten quiz został rozwiązany 52 razy
  • Średni wynik to 22 z 31
Statystyki odpowiedzi
Numer przystanku Nazwa przystanku % Poprawnych
1. Annopol
93%
31. Banacha
93%
22. Centrum
83%
23. Dworzec Centralny
83%
21. Krucza
83%
20. Muzeum Narodowe
83%
13. Dworzec Wileński
80%
29. Och-Teatr
78%
27. Plac Narutowicza
78%
25. Plac Zawiszy
78%
17. Rondo Waszyngtona
78%
18. Rondo Waszyngtona
78%
10. Rondo Żaba
78%
30. Bitwy Warszawskiej 1920r.
73%
19. Most Poniatowskiego
73%
26. Ochota-ratusz
73%
24. Plac Starynkiewicza
70%
8. Pożarowa
70%
5. Rembielińska
70%
28. Wawelska
70%
16. Aleja Zieleniecka
68%
11. Bródnowska
65%
15. Kijowska
65%
14. Ząbkowska
65%
7. Budowlana
63%
6. Julianowska
63%
3. Kondratowicza
63%
4. Poborzańska
63%
2. Toruńska
63%
12. Inżynierska
58%
9. Staniewicka
55%
Nie znaleziono quizów pasujących do podanych kryteriów
Rozkład punktacji
Procent ludzi z każdym wynikiem
Percentyl według liczby udzielonych odpowiedzi
Twoja historia wyników
Nie rozwiązałeś tego quizu